Essays of an information scientist. 3 V (Record no. 37132)

MARC details
000 -LEADER
fixed length control field 00331nam a2200121Ia 4500
082 ## - DEWEY DECIMAL CLASSIFICATION NUMBER
Classification number 007
Item number GAR
100 ## - MAIN ENTRY--AUTHOR NAME
Personal name Eugene
245 #0 - TITLE STATEMENT
Title Essays of an information scientist. 3 V
260 ## - PUBLICATION, DISTRIBUTION, ETC. (IMPRINT)
Place of publication Philadelphia
Name of publisher ISI
505 ## - FORMATTED CONTENTS NOTE
Formatted contents note set price. V 1..1962-73;V 2..1974-76;V 3..1977-78
942 ## - ADDED ENTRY ELEMENTS (KOHA)
Koha item type Books
Holdings
Withdrawn status Lost status Damaged status Not for loan Home library Current library Date acquired Cost, normal purchase price Full call number Accession Number Koha item type
        RRII Library RRII Library 16/12/2021 35.00 007 GAR 17520 Books